Vplyv sírnatých zlúčenín na tvorbu reaktívnych foriem kyslíka v mitochondriách

Salvato in:
Dettagli Bibliografici
Autore principale: Borsigová, Alžbeta (Autore)
Altri autori: Tomášová, Lenka (Relatore della tesi)
Natura: Manoscritto Libro
Lingua:slovacco
Pubblicazione: 2024
Soggetti:
Accesso online:http://is.stuba.sk/zp/portal_zp.pl?podrobnosti=176659
Tags: Aggiungi Tag
Nessun Tag, puoi essere il primo ad aggiungerne!!

MARC

LEADER 00000ntm a22000003a 4500
001 stuzp99281
003 SK-STU
005 20240601210552.1
007 ta
008 150427s2015----xo-----f-mn---000-0-slo-d
040 |a STU  |b slo 
041 0 |a slo 
100 1 |a Borsigová, Alžbeta  |u 043000  |4 aut  |U FCHPT Fakulta chemickej a potravinárskej technológie  |T FCHPT Ústav biochémie a mikrobiológie  |X 97389  |U C3000  |Y 101  |7 97389 
242 0 1 |a Effect of Sulfur Compounds on the Production of Reactive Oxygen Species in Mitochondria  |y eng 
245 1 0 |a Vplyv sírnatých zlúčenín na tvorbu reaktívnych foriem kyslíka v mitochondriách 
260 |c 2024 
650 4 |a oxidačný stres  |2 slo 
650 4 |a reaktívne formy kyslíka  |2 slo 
650 4 |a sírnaté zlúčeniny  |2 slo 
650 4 |a mitochondria  |2 slo 
650 4 |a mitochondrion  |2 eng 
650 4 |a reactive oxygen species  |2 eng 
650 4 |a oxidative stress  |2 eng 
650 4 |a sulfur compounds  |2 eng 
700 1 |a Tomášová, Lenka  |4 ths  |X 124437  |7 124437 
856 4 |u http://is.stuba.sk/zp/portal_zp.pl?podrobnosti=176659